[Event "2014 Northern Alberta Open"]
[Site "Edmonton"]
[Date "2014.02.16"]
[Round "5.3"]
[White "Yam, Alex"]
[Black "Hughey, Micah"]
[Result "0-1"]
[WhiteElo "2369"]
[BlackElo "2141"]
[PlyCount "124"]
[EventDate "2014.02.15"]
[EventType "swiss"]
[EventRounds "5"]
[EventCountry "CAN"]

1. e4 e5 2. Nc3 Nf6 3. g3 c6 4. d4 exd4 5. Qxd4 d5 6. Bg2 dxe4 7. Qxd8+ Kxd8 8.
Bg5 Be7 9. O-O-O+ Kc7 10. Bf4+ Kb6 11. Be3+ Kc7 12. Bf4+ Kb6 13. Nxe4 Bg4 14.
Rd3 Nxe4 15. Bxe4 Nd7 16. Rb3+ Ka6 17. Bd3+ b5 18. a4 Nc5 19. axb5+ Kb6 20. Be3
Kc7 21. Rc3 Nxd3+ 22. cxd3 Bd7 23. Nf3 Bf6 24. Bd4 Kb7 25. Bxf6 gxf6 26. Re1
Rhe8 27. Rxe8 Rxe8 28. bxc6+ Bxc6 29. Nd4 Bd7 30. Kd2 h5 31. h4 Re5 32. Ne2 Ra5
33. Nf4 Bg4 34. d4 Ra2 35. Kc2 Ra1 36. f3 Bf5+ 37. Kd2 Rg1 38. Rb3+ Kc8 39. Ne2
Rg2 40. Ke3 Be6 41. Rb5 Rxe2+ 42. Kf4 Rd2 43. Ke3 Rg2 44. Kf4 f5 45. b4 Kc7 46.
Rc5+ Kb6 47. Re5 Rd2 48. Kg5 Rxd4 49. Kxh5 Rxb4 50. Kg5 Rb3 51. Kf4 Rc3 52. h5
Rc8 53. Re1 a5 54. h6 a4 55. g4 fxg4 56. fxg4 Rc4+ 57. Re4 Rxe4+ 58. Kxe4 Ba2
59. Kd4 Bb1 60. Kc4 Ka5 61. Kc3 f6 62. Kc4 Bh7 0-1

[Event "2014 Northern Alberta Open"]
[Site "Edmonton"]
[Date "2014.02.16"]
[Round "5.4"]
[White "Rekhson, Vladislav"]
[Black "Karmali, Hafiz"]
[Result "1-0"]
[WhiteElo "2259"]
[BlackElo "2039"]
[PlyCount "159"]
[EventDate "2014.02.15"]
[EventType "swiss"]
[EventRounds "5"]
[EventCountry "CAN"]

1. e4 Nf6 2. e5 Nd5 3. c4 Nb6 4. d4 d6 5. exd6 cxd6 6. Nc3 g6 7. Be3 Bg7 8. Qd2
Nc6 9. Rc1 O-O 10. b3 Bf5 11. Nf3 Re8 12. Bh6 Bh8 13. Bd3 Bxd3 14. Qxd3 e5 15.
O-O f5 16. Qd2 e4 17. d5 exf3 18. dxc6 bxc6 19. Bg5 Bf6 20. Bxf6 Qxf6 21. gxf3
Re6 22. Ne2 Rae8 23. Nd4 R6e7 24. Nxc6 Re2 25. Qf4 Rxa2 26. Rcd1 Nc8 27. Rfe1
Rae2 28. Rxe2 Rxe2 29. c5 d5 30. Nxa7 Nxa7 31. Qb8+ Kf7 32. Qxa7+ Re7 33. Qa8
Qg5+ 34. Kh1 Re5 35. Qa4 Qh5 36. Qf4 g5 37. Qg3 f4 38. Qg4 Qxg4 39. fxg4 Ke6
40. Kg2 Re2 41. Rb1 d4 42. Kf1 d3 43. Rd1 Rc2 44. Rxd3 Rxc5 45. Ke2 Ke5 46. Kd2
Rc7 47. b4 h5 48. gxh5 g4 49. Rc3 Rd7+ 50. Kc2 Ke4 51. h6 Rh7 52. Rc6 Kf3 53.
Rf6 Kxf2 54. Rxf4+ Ke3 55. Rxg4 Rxh6 56. h4 Rh5 57. Kc3 Kf3 58. Rd4 Ke3 59.
Rd3+ Ke4 60. Rd8 Ke5 61. Rd4 Rh8 62. Rc4 Kd5 63. Rc5+ Kd6 64. h5 Rg8 65. Kc4
Rg4+ 66. Kb5 Rh4 67. Rg5 Kc7 68. Rc5+ Kb7 69. Rf5 Kc7 70. Ka5 Kb7 71. b5 Kc7
72. Rf7+ Kc8 73. Rh7 Rh1 74. Kb6 Rf1 75. Rh8+ Kd7 76. Kb7 Rb1 77. b6 Rh1 78. h6
Rh2 79. h7 Rh1 80. Rc8 1-0

[Event "2014 Northern Alberta Open"]
[Site "Edmonton"]
[Date "2014.02.16"]
[Round "5.5"]
[White "Miller, David"]
[Black "Pechenkin, Vladimir"]
[Result "1/2-1/2"]
[WhiteElo "2108"]
[BlackElo "2395"]
[PlyCount "82"]
[EventDate "2014.02.15"]
[EventType "swiss"]
[EventRounds "5"]
[EventCountry "CAN"]

1. e4 c5 2. Nf3 e6 3. d4 cxd4 4. Nxd4 a6 5. Bd3 Bc5 6. Nb3 Be7 7. Nc3 d6 8. Be3
Nf6 9. f4 Qc7 10. a4 b6 11. O-O Nbd7 12. Qe2 Bb7 13. Rae1 O-O 14. g4 Nc5 15.
Nxc5 bxc5 16. g5 c4 17. Bxc4 Nxe4 18. Nxe4 Bxe4 19. Bxa6 Qxc2 20. Bb5 Qxe2 21.
Rxe2 d5 22. Rc1 f6 23. Rc6 fxg5 24. Rxe6 gxf4 25. Rxe7 fxe3 26. Rxe3 Rfc8 27.
Rc3 Rxc3 28. bxc3 Kf8 29. Rc7 Bc2 30. c4 Bxa4 31. Bxa4 Rxa4 32. cxd5 Rd4 33.
Rc8+ Ke7 34. Rc7+ Kf6 35. Kg2 Rxd5 36. h3 h6 37. Rc2 Kg5 38. Rc4 Rd2+ 39. Kg3
Rd3+ 40. Kg2 g6 41. Ra4 h5 1/2-1/2

[Event "2014 Northern Alberta Open"]
[Site "Edmonton"]
[Date "2014.02.16"]
[Round "5.7"]
[White "Sequillion, Aaron"]
[Black "Milne, Arthur"]
[Result "1-0"]
[WhiteElo "2188"]
[BlackElo "1812"]
[PlyCount "65"]
[EventDate "2014.02.15"]
[EventType "swiss"]
[EventRounds "5"]
[EventCountry "CAN"]

1. e4 c6 2. d4 d5 3. f3 e6 4. Nc3 Bb4 5. Nge2 b6 6. a3 Bxc3+ 7. Nxc3 Ba6 8.
Bxa6 Nxa6 9. Qe2 Nc7 10. Bf4 Ne7 11. O-O-O O-O 12. h4 Nc8 13. h5 Nd6 14. Bxd6
Qxd6 15. e5 Qe7 16. f4 b5 17. Nb1 a5 18. Nd2 c5 19. dxc5 Qxc5 20. Nb3 Qb6 21.
Nd4 Rab8 22. Rh3 Na6 23. f5 exf5 24. Nxf5 Nc5 25. Rg3 Ne6 26. Rxg7+ Kh8 27. h6
Qc5 28. Kb1 a4 29. c3 Rbd8 30. Qd3 Nf4 31. Qf3 Ng6 32. Nd4 Nxe5 33. Qf6 1-0

[Event "2014 Northern Alberta Open"]
[Site "Edmonton"]
[Date "2014.02.16"]
[Round "5.8"]
[White "Daniluk, Jim"]
[Black "Beaudry, Lukas"]
[Result "0-1"]
[WhiteElo "1980"]
[BlackElo "2028"]
[PlyCount "54"]
[EventDate "2014.02.15"]
[EventType "swiss"]
[EventRounds "5"]
[EventCountry "CAN"]

1. d4 Nf6 2. Nf3 g6 3. c4 Bg7 4. Nc3 O-O 5. g3 d6 6. Bg2 Nc6 7. d5 Na5 8. Nd2
c5 9. h3 a6 10. Rb1 Nd7 11. Qc2 Rb8 12. a3 Ne5 13. Nce4 b5 14. cxb5 axb5 15. b4
cxb4 16. axb4 Nac4 17. O-O e6 18. Nb3 exd5 19. Nc3 Bf5 20. e4 dxe4 21. g4 Nf3+
22. Bxf3 exf3 23. gxf5 Qh4 24. Nd5 Qxh3 25. Nf4 Qg4+ 26. Kh2 Be5 27. Qe4 Qg2#
0-1

[Event "2014 Northern Alberta Open"]
[Site "Edmonton"]
[Date "2014.02.16"]
[Round "5.9"]
[White "White, Chris"]
[Black "Pradzinski, Tim"]
[Result "0-1"]
[WhiteElo "1706"]
[BlackElo "1951"]
[PlyCount "50"]
[EventDate "2014.02.15"]
[EventType "swiss"]
[EventRounds "5"]
[EventCountry "CAN"]

1. d4 d5 2. c4 e6 3. Nc3 Nf6 4. e3 Be7 5. Nf3 O-O 6. Bd3 dxc4 7. Bxc4 c5 8. O-O
Nc6 9. d5 Na5 10. Qa4 Nxc4 11. Qxc4 exd5 12. Qe2 Bg4 13. h3 Bh5 14. Rd1 d4 15.
g4 Nxg4 16. hxg4 Bxg4 17. exd4 cxd4 18. Qe4 Bxf3 19. Qxf3 Bg5 20. Ne2 Bxc1 21.
Raxc1 Qb6 22. b3 Rad8 23. Rc4 d3 24. Rxd3 Qg6+ 25. Qg3 Qxd3 0-1

[Event "2014 Northern Alberta Open"]
[Site "Edmonton"]
[Date "2014.02.16"]
[Round "5.10"]
[White "Stainer, Joel"]
[Black "Cheng, Louis"]
[Result "0-1"]
[WhiteElo "1604"]
[BlackElo "1904"]
[PlyCount "94"]
[EventDate "2014.02.15"]
[EventType "swiss"]
[EventRounds "5"]
[EventCountry "CAN"]

1. d4 Nf6 2. Nf3 e6 3. e3 b6 4. Bd3 Bb7 5. O-O Be7 6. Nbd2 O-O 7. Qe2 d6 8. c4
Nbd7 9. b3 e5 10. d5 Nc5 11. Bc2 a5 12. Ba3 Qc8 13. Bxc5 bxc5 14. Nb1 c6 15. e4
Nh5 16. Nfd2 Nf4 17. Qe3 Qg4 18. Qf3 Qg6 19. Rc1 Bc8 20. Bd1 Bh3 21. Qg3 Bxg2
22. Nc3 Bh3 23. dxc6 Nd3 24. Nd5 Bh4 25. Qxg6 Bxf2+ 26. Kh1 fxg6 27. Rc3 Bd4
28. Rxd3 Bf1 29. Rxd4 exd4 30. c7 Bh3 31. Kg1 Rae8 32. Be2 Rf7 33. a3 Be6 34.
b4 Bxd5 35. bxc5 Rxc7 36. cxd5 Rxc5 37. Nb3 Rc3 38. Nxd4 Rxe4 39. Rd1 Rxa3 40.
Kf1 Ra2 41. Kf2 g5 42. Kf3 Rf4+ 43. Kg3 Ra3+ 44. Kg2 Re3 45. Rd2 Rxd4 46. Rxd4
Rxe2+ 47. Kg3 Re5 0-1

[Event "2014 Northern Alberta Open"]
[Site "Edmonton"]
[Date "2014.02.16"]
[Round "5.12"]
[White "Brazeau, Robert"]
[Black "Grossmann, Lenard"]
[Result "1/2-1/2"]
[WhiteElo "1850"]
[BlackElo "1632"]
[PlyCount "129"]
[EventDate "2014.02.15"]
[EventType "swiss"]
[EventRounds "5"]
[EventCountry "CAN"]

1. d4 e6 2. c4 d5 3. Nc3 Nf6 4. cxd5 exd5 5. Bg5 Bb4 6. e3 Be6 7. Qa4+ Nc6 8.
Rc1 O-O 9. Bb5 Bxc3+ 10. Rxc3 Nb8 11. Bxf6 gxf6 12. Qc2 c6 13. Bd3 h6 14. Qe2
f5 15. Nh3 Nd7 16. Nf4 Qg5 17. h4 Qe7 18. Qh5 Qf6 19. Nxe6 fxe6 20. g4 fxg4 21.
Qxg4+ Kf7 22. Rc2 Ke7 23. Qg6 Qxg6 24. Bxg6 Rac8 25. b4 e5 26. dxe5 Nxe5 27. h5
Rf6 28. b5 Nxg6 29. hxg6 Rxg6 30. bxc6 Rcxc6 31. Rxc6 bxc6 32. Ke2 Ke6 33. Rc1
Kd6 34. Rc3 Rg7 35. Rb3 h5 36. Rb8 Rh7 37. Rg8 h4 38. Rg2 h3 39. Rh2 Ke5 40. f3
Kf5 41. Kf2 c5 42. Kg3 c4 43. Rd2 Ke6 44. Kh2 Kd6 45. e4 Rh5 46. f4 Kc5 47. e5
Rf5 48. e6 Rxf4 49. Re2 Rf8 50. Kxh3 c3 51. e7 Re8 52. Kg2 d4 53. Kf2 Kc4 54.
Ke1 d3 55. Re4+ Kd5 56. Re3 Kd4 57. Re6 d2+ 58. Kd1 Kd3 59. Rd6+ Kc4 60. Re6
Kb4 61. Kc2 a5 62. Re4+ Ka3 63. Re5 a4 64. Re4 d1=Q+ 65. Kxd1 1/2-1/2

[Event "2014 Northern Alberta Open"]
[Site "Edmonton"]
[Date "2014.02.16"]
[Round "5.13"]
[White "Arzumanyan, Armine"]
[Black "Kadavil, Suresh"]
[Result "1-0"]
[WhiteElo "1827"]
[BlackElo "1596"]
[PlyCount "89"]
[EventDate "2014.02.15"]
[EventType "swiss"]
[EventRounds "5"]
[EventCountry "CAN"]

1. e4 a6 2. Nc3 e6 3. Bc4 b5 4. Bb3 d6 5. a4 b4 6. Nce2 Bb7 7. d3 d5 8. exd5
Bxd5 9. Bxd5 Qxd5 10. Nf3 e5 11. Ng3 g6 12. O-O Bg7 13. Re1 Ne7 14. Qd2 Nbc6
15. Qg5 h6 16. Qh4 g5 17. Qh3 Ng6 18. Nh5 Kf8 19. Qf5 Nce7 20. Qe4 Qxe4 21.
Rxe4 Nc6 22. Nxg7 Kxg7 23. Rc4 Nge7 24. Bd2 a5 25. Re1 f6 26. d4 Rhd8 27. c3
bxc3 28. Bxc3 g4 29. dxe5 f5 30. e6+ Kf8 31. Nh4 Rd6 32. Rc5 Nd4 33. Bxd4 Rxd4
34. Nxf5 Nxf5 35. Rxf5+ Ke7 36. Rf7+ Kd6 37. Rd7+ Kc5 38. Rc1+ Rc4 39. Rxc7+
Kd6 40. R1xc4 Kxe6 41. R7c6+ Kf5 42. g3 Re8 43. Rf4+ Kg5 44. Rc5+ Kg6 45. Rxg4+
1-0

[Event "2014 Northern Alberta Open"]
[Site "Edmonton"]
[Date "2014.02.16"]
[Round "5.15"]
[White "Nolan, Pat"]
[Black "Elchoufi, Louay"]
[Result "0-1"]
[WhiteElo "1429"]
[BlackElo "1659"]
[PlyCount "87"]
[EventDate "2014.02.15"]
[EventType "swiss"]
[EventRounds "5"]
[EventCountry "CAN"]

1. d4 d5 2. Nf3 Nf6 3. c4 c6 4. Nc3 e6 5. Bg5 Nbd7 6. e3 Be7 7. Bd3 dxc4 8.
Bxc4 b5 9. Bd3 O-O 10. O-O Bb7 11. Rc1 Rc8 12. Re1 a6 13. Bf4 c5 14. h3 c4 15.
Bb1 Nb6 16. e4 b4 17. Na4 a5 18. Nxb6 Qxb6 19. Be5 Rfd8 20. Qe2 Ba6 21. Qc2 Nd7
22. Bf4 c3 23. e5 Nf8 24. bxc3 bxc3 25. Re3 Ba3 26. Rce1 Bb2 27. Qe4 Bb7 28.
Qd3 Bxf3 29. Rxf3 Rxd4 30. Qc2 Qd8 31. Rfe3 Rd2 32. Qa4 c2 33. Bxc2 Rdxc2 34.
Qb3 Bd4 35. Rd3 Bxf2+ 36. Kf1 Qh4 37. Re4 Rc1+ 38. Bxc1 Rxc1+ 39. Rd1 Rxd1+ 40.
Qxd1 Qxe4 41. Kxf2 Qxe5 42. Qa4 Qc5+ 43. Kg3 Qb4 44. Qe8 0-1

[Event "2014 Northern Alberta Open"]
[Site "Edmonton"]
[Date "2014.02.16"]
[Round "5.16"]
[White "Yao, David"]
[Black "Hughey, Leah"]
[Result "1-0"]
[WhiteElo "1592"]
[BlackElo "1468"]
[PlyCount "57"]
[EventDate "2014.02.15"]
[EventType "swiss"]
[EventRounds "5"]
[EventCountry "CAN"]

1. Nf3 d5 2. g3 Nf6 3. Bg2 c5 4. O-O Nc6 5. c3 e5 6. d4 Qc7 7. dxe5 Nxe5 8.
Nxe5 Qxe5 9. Bf4 Qh5 10. Nd2 Bh3 11. Nf3 Bxg2 12. Kxg2 Ng4 13. Qa4+ Kd8 14.
Rad1 Nf6 15. Bg5 Be7 16. e4 Nxe4 17. Qxe4 Bxg5 18. Qxd5+ Ke8 19. Qxg5 Qxg5 20.
Nxg5 f6 21. Rfe1+ Kf8 22. Ne6+ Kf7 23. Nxc5 b6 24. Rd7+ Kg6 25. Nb3 Rhd8 26.
Rc7 a5 27. Ree7 a4 28. Nd4 Rg8 29. Ra7 1-0

[Event "2014 Northern Alberta Open"]
[Site "Edmonton"]
[Date "2014.02.16"]
[Round "5.17"]
[White "Koperski, Dustin"]
[Black "Blyznyuk, Vladimir"]
[Result "1/2-1/2"]
[WhiteElo "1232"]
[BlackElo "1407"]
[PlyCount "96"]
[EventDate "2014.02.15"]
[EventType "swiss"]
[EventRounds "5"]
[EventCountry "CAN"]

1. e4 e6 2. d4 d5 3. Nc3 Nf6 4. Bg5 Be7 5. Bd3 c5 6. e5 Nfd7 7. Bxe7 Qxe7 8.
Nf3 Nc6 9. Be2 cxd4 10. Nxd4 Ndxe5 11. Bb5 Bd7 12. Qd2 O-O 13. f4 a6 14. fxe5
axb5 15. Nxc6 bxc6 16. O-O f6 17. exf6 Rxf6 18. Rxf6 Qxf6 19. Rf1 Qe7 20. Qf2
b4 21. Nd1 Rxa2 22. Qb6 Ra8 23. Qb7 Rf8 24. Rxf8+ Kxf8 25. Ne3 Be8 26. Qb6 d4
27. Ng4 e5 28. Nf2 Qg5 29. Qxb4+ Kg8 30. Qe1 c5 31. Nd3 Bg6 32. Nxe5 Bxc2 33.
Nc4 h6 34. Qd2 Qxd2 35. Nxd2 Kf7 36. Kf2 Ke6 37. Nf3 Kd5 38. Ke2 d3+ 39. Kd2
Kc4 40. Kc1 Kb3 41. Nd2+ Ka2 42. Ne4 c4 43. Nd2 Bb3 44. Ne4 d2+ 45. Nxd2 Ka1
46. Ne4 Ba4 47. Nd2 Bb5 48. g3 h5 1/2-1/2